000 00751cab a2200265 4500
001 X2450
008 090401t1995 xxu||||| |||| 00| 0 eng d
035 _a(Sirsi) u24330
041 _aeng
245 _aMelluish (Inspector of Taxes) v BMI (No3) Ltd
260 _c1995
350 _a0
490 _aProperty and Compensation Reports
_v(1995) 69 P&CR 517-534(18)
520 _aChd 27 January 1994.
650 _aCAPITAL ALLOWANCES
650 _aCENTRAL HEATING UNITS
650 _aCOUNCIL HOUSES
650 _aFINANCE ACT 1971 S44(1)
650 _aFIXTURE AND FITTINGS
650 _aMELLUISH (INSPECTOR OF TAXES) V BMI (NO3) LTD
650 _aPLANT AND MACHINERY
690 _aTAXATION-CASE LAW
942 _n0
948 _c04/03/1997
999 _c16311
_d16311